01125cam a22002894a 450000100090000000300050000900500170001400800410003101000170007202000280008904000180011704200080013508200170014310000220016024501350018226000360031730000350035344000440038850501130043265000230054565000270056865000230059570000240061870000270064285600750066985600910074412312144NUST20221212110811.0010216s2002 maua b 001 0 eng  a 2001025371 a081764136X (alk. paper) aDLCcDLCdDLC apcc00a621.3822,ABB1 aAbbate, Agostino.10aWavelets and subbands :bfundamentals and applications : with 234 figures /cAgostino Abbate, Casimer M. DeCusatis, Pankaj K. Das. aBoston :bBirkhaüser,cc2002. axvii, 551 p. :bill. ;c24 cm. 0aApplied and numerical harmonic analysis aPart I. Fundamentals (Page-13), Part II. Wavelets and subbands (Pge-101), Part III. Applications (Page-385), 0aSignal processing. 0aWavelets (Mathematics) 0aFrequency spectra.1 aDeCusatis, Casimer.1 aDas, Pankaj K.,d1937-413Table of contentsuhttp://www.loc.gov/catdir/toc/fy032/2001025371.html423Publisher descriptionuhttp://www.loc.gov/catdir/enhancements/fy0812/2001025371-d.html